header

SQL server 2012 with PowerShell V3 cookbook (Record no. 158211)

MARC details
000 -LEADER
fixed length control field 01166nam a2200313Ia 4500
082 04 - DEWEY DECIMAL CLASSIFICATION NUMBER
Classification number 005.7585
100 1# - MAIN ENTRY--AUTHOR NAME
Personal name Santos, Donabel.
245 10 - TITLE STATEMENT
Title SQL server 2012 with PowerShell V3 cookbook
260 ## - PUBLICATION, DISTRIBUTION, ETC. (IMPRINT)
Place of publication Birmingham, [Eng.] :
Name of publisher Packt Publishing,
Year of publication 2012.
300 ## - PHYSICAL DESCRIPTION
Number of Pages 615 p. :
Other physical details ill.
500 ## - GENERAL NOTE
General note Includes index.
650 #0 - SUBJECT ADDED ENTRY--TOPICAL TERM
Topical Term Database management.
Topical Term Windows PowerShell (Computer program language)
856 40 - ELECTRONIC LOCATION AND ACCESS
Uniform Resource Identifier http://site.ebrary.com/lib/rucke/Doc?id=10623092

No items available.

© 2026 Rongo University
Contact us: librarian | system librarian | Rongo university